000 00302nam a22001097a 4500
040 _cSK
082 _a301
100 _aវ៉ាន់ឌី កាអុន
245 _aបញ្ហាវប្បធម៌​ និងអារ្យធម៌
260 _aRUA
_bវ៉ាន់ឌី
_cNA
942 _cKB
999 _c8552
_d8552